000 00652nam a2200205Ii 4500
003 JO-AjNU
008 230605s9999||||xx |||||||||||||| ||und||
040 _aJO-AjNU
_bara
_erda
_cJO-AjNU
041 _aara
050 1 4 _aBP3190.S23 2014
100 3 _aالسبهاني، عبد الجبار,
_eauthor
_956335
245 0 0 _aالوجيز في مبادئ الإقتصاد الإسلامي
250 _aط2
264 3 1 _aاربد: مطبعة حلاوة، 2014
300 _a200ص
336 _atext
_btxt
_2rdacontent
337 _aunmediated
_bn
_2rdamedia
338 _avolume
_bnc
_2rdacarrier
650 4 _aالاقتصاد الاسلامي
_956336
999 _aA25180
_c28748
_d28748